| 000 | 00457nam a22001577a 4500 | ||
|---|---|---|---|
| 003 | OSt | ||
| 005 | 20161103153210.0 | ||
| 008 | 150910b xxu||||| |||| 00| 0 eng d | ||
| 040 | _cRUA | ||
| 082 | _aAGR នួន 1994 B010 Or.1 | ||
| 100 |
_911136 _aនួន សុវី |
||
| 245 | _aសាលារៀន IPM លើស្រែកសិករ IPM-FARMER FIELD SCHOOL | ||
| 260 |
_aPhnom Penh _bRUA _c1994 |
||
| 300 |
_a57p. _bill. _c29cm. |
||
| 942 |
_2ddc _cAGR |
||
| 999 |
_c201 _d201 |
||